000 00642nam a2200205Ia 4500
003 IN-BaIIA
008 211028s9999 xx 000 0 eng d
020 _a0-521-58989-4
040 _cIIA Library
080 _a530.145
_bTSV
100 _aTsvelik, A. M
_923133
245 0 _aQuantum field theory in condensed matter physics
_cA. M. Tsvelik
260 _aCambridge
_bCambridge University Press
_c1998
300 _axvi, 332p.
650 _aCondensed mattter
_923134
650 _aQuantum field theory
_96197
650 _aQuantum mechanics
650 _aQuantum physics
_92816
942 _cBK
999 _c13131
_d13131